Tribal woman : (Record no. 95298)

MARC details
000 -LEADER
fixed length control field 00611nam a22001937a 4500
005 - DATE AND TIME OF LATEST TRANSACTION
control field 20150922145207.0
010 ## - LCCN (DPL NO)
LC control number ENG-113695
020 ## - INTERNATIONAL STANDARD BOOK NUMBER
International Standard Book Number 9788170546726
Terms of availability 400.00
035 ## - SYSTEM CONTROL NUMBER
System control number EN- 97227
037 ## - SOURCE OF ACQUISITION
Source of stock number/acquisition DBAD/PUB
082 ## - DEWEY DECIMAL CLASSIFICATION NUMBER
Classification number 305.420954
100 ## - MAIN ENTRY--PERSONAL NAME
Personal name Devpura, Vaishali
245 ## - TITLE STATEMENT
Title Tribal woman :
Statement of responsibility, etc by Vaishali Devpura
Remainder of title problems and perspectives /
260 ## - PUBLICATION, DISTRIBUTION, ETC. (IMPRINT)
Place of publication, distribution, etc New Delhi
Name of publisher, distributor, etc Classical Publishing
Date of publication, distribution, etc 2014
270 ## - ADDRESS
Address 28, Shopping Centre, Karampura
City New Delhi
Postal code 110015
300 ## - PHYSICAL DESCRIPTION
Extent x,144p.
Dimensions 21cm(Hb)
500 ## - GENERAL NOTE
General note Includes bibliographical references
942 ## - ADDED ENTRY ELEMENTS (KOHA)
Source of classification or shelving scheme Dewey Decimal Classification
Item type English Books
Call number suffix DEV
Classification part 305.420954
Holdings
Withdrawn status Lost status Not for loan Collection code Home library Current library Date acquired Source of acquisition Cost, normal purchase price Full call number Barcode Copy number Cost, replacement price Koha item type
    Not For Loan Non-fiction D.B.Act.Division D.B.Act.Division 28/07/2015 DBAD/PUB 400.00 305.420954 DEV EN-97227 1 400.00 English Books

© Delhi Public Library
Hit Counter
free hit counter